Central Library OPAC University of Rajshahi

Wastewater treatment for pollution control and reuse / (Record no. 75066)

MARC details
000 -LEADER
fixed length control field 00891nam a22002657a 4500
001 - CONTROL NUMBER
control field 75066
003 - CONTROL NUMBER IDENTIFIER
rucl marc code BD-RjUL
005 - DATE AND TIME OF LATEST TRANSACTION
control field 20211209082635.0
008 - FIXED-LENGTH DATA ELEMENTS--GENERAL INFORMATION
fixed length control field 190115s20122007ii a|||| b||| 001 0 eng d
020 ## - INTERNATIONAL STANDARD BOOK NUMBER
International Standard Book Number 9780070620995
035 ## - SYSTEM CONTROL NUMBER
System control number (BD-RjUL)75284
040 ## - CATALOGING SOURCE
Original cataloging agency BD-RjUL
Language of cataloging eng
Transcribing agency BD-RjUL
041 ## - LANGUAGE CODE
Language code of text/sound track or separate title eng
082 ## - DEWEY DECIMAL CLASSIFICATION NUMBER
Edition number 23
Classification number 628.30954
Author mark and year ARW 2012
100 ## - MAIN ENTRY--PERSONAL NAME
Personal name Arceivala, Soli. J.
9 (RLIN) 226985
245 ## - TITLE STATEMENT
Title Wastewater treatment for pollution control and reuse /
Statement of responsibility, etc. Soli. J. Arceivala, Shyam. R. Asolekar.
250 ## - EDITION STATEMENT
Edition statement 3rd ed.
260 ## - PUBLICATION, DISTRIBUTION, ETC. (IMPRINT)
Place of publication, distribution, etc. New Delhi :
Name of publisher, distributor, etc. McGraw-Hill,
Date of publication, distribution, etc. c2007 [Reprinted 2012]
300 ## - PHYSICAL DESCRIPTION
Pagination xiv, 518 pages :
Illustrations illustrations ;
Size 24 cm
490 0# - SERIES STATEMENT
Series statement Tata McGraw-Hill Professional Civil Engineering series.
504 ## - BIBLIOGRAPHY, ETC. NOTE
Bibliography, etc Includes bibliographical references and index.
650 ## - SUBJECT ADDED ENTRY--TOPICAL TERM
Topical term or geographic name as entry element Water
General subdivision Purification.
9 (RLIN) 226986
700 ## - ADDED ENTRY--PERSONAL NAME
Personal name Asolekar, Shyam. R.
942 ## - ADDED ENTRY ELEMENTS (KOHA)
Source of classification or shelving scheme Dewey Decimal Classification
Koha item type Books
Holdings
Lost status Source of classification or shelving scheme Damaged status Not for loan Collection code Permanent Location Current Location Shelving location Date acquired Source of acquisition Cost, normal purchase price Total Checkouts Full call number Date last seen Copy number Koha item type
  Dewey Decimal Classification   Not For Loan Non-fiction Central Library, University of Rajshahi Central Library, University of Rajshahi Reading Room 19/11/2018 Orbital International, Dhaka 841.75   628.30954 ARW 2012 15/01/2019 C-1 Books